[Event "EU-ch (Women) 24th"]
[Site "Rhodes"]
[Date "2024.04.29"]
[Round "10"]
[White "Peglau, Dora"]
[Black "Polterauer, Chiara"]
[Result "1/2-1/2"]
[WhiteElo "2002"]
[BlackElo "2141"]
[PlyCount "84"]
[EventDate "2024.04.19"]
[EventType "swiss"]
[EventRounds "10"]
[EventCountry "GRE"]
[SourceTitle "CB18_2024"]
[SourceDate "2024.05.01"]
[SourceVersion "1"]
[SourceVersionDate "2024.05.01"]
[SourceQuality "2"]

1. c4 c5 2. Nc3 Nf6 3. Nf3 d5 4. cxd5 Nxd5 5. g3 Nc6 6. Bg2 Nc7 7. a3 e5 8. b4 f6 9. b5 Nd4 10. Rb1 Be7 11. 0-0 0-0 12. a4 Bf5 13. d3 Qd7 14. Ba3 Bg4 15. e3 Nxf3+ 16. Bxf3 Bxf3 17. Qxf3 b6 18. Rfd1 Rad8 19. h4 f5 20. d4 cxd4 21. Bxe7 Qxe7 22. exd4 exd4 23. Ne2 Ne6 24. Nf4 Nc5 25. Rb4 d3 26. Rc4 d2 27. Rc2 Rfe8 28. Kg2 Ne4 29. Qb3+ Kh8 30. Qc4 Nxf2 31. Rdxd2 Ng4 32. Kh3 Ne3 33. Qe2 Qe4 34. Rc1 Rxd2 35. Qxd2 Ng4 36. Qc2 Qe3 37. Qc6 Nf6 38. Rc3 Qe1 39. Rc1 Qd2 40. Nh5 Qd8 41. Nxf6 gxf6 42. Rd1 Qxd1 1/2-1/2

[Event "EU-ch (Women) 24th"]
[Site "Rhodes"]
[Date "2024.04.28"]
[Round "9"]
[White "Peglau, Dora"]
[Black "Alexandri, Vasiliki"]
[Result "1-0"]
[WhiteElo "2002"]
[BlackElo "1859"]
[PlyCount "78"]
[EventDate "2024.04.19"]
[EventType "swiss"]
[EventRounds "10"]
[EventCountry "GRE"]
[SourceTitle "CB18_2024"]
[SourceDate "2024.05.01"]
[SourceVersion "1"]
[SourceVersionDate "2024.05.01"]
[SourceQuality "2"]

1. d4 Nf6 2. c4 g6 3. Nc3 Bg7 4. e4 d6 5. Nf3 0-0 6. Be2 e5 7. Be3 Ng4 8. Bg5 f6 9. Bh4 Nd7 10. 0-0 h5 11. h3 Nh6 12. d5 g5 13. Bg3 h4 14. Bh2 Rf7 15. b4 Bf8 16. Nd2 Rg7 17. a3 Be7 18. Nb3 Nf8 19. Qd2 Kh7 20. f3 Ng6 21. c5 Nf4 22. Rfc1 Qg8 23. Nb5 Bxh3 24. gxh3 Nxh3+ 25. Kf1 g4 26. fxg4 Nxg4 27. Bxg4 Rxg4 28. cxd6 cxd6 29. Rc7 Qg7 30. Qe3 Nf4 31. Nxd6 Ng2 32. Qf3 Rg8 33. Nf5 Qg5 34. Rxe7+ Kh8 35. Nd6 Ne3+ 36. Ke2 Rg2+ 37. Kd3 Qg6 38. Nf7+ Kh7 39. Nxe5+ Rg7 1-0

[Event "Wch U16 Girls"]
[Site "Montesilvano"]
[Date "2023.11.16"]
[Round "4"]
[White "Peglau, Dora"]
[Black "Bruntse, Kathrine Lindegaard"]
[Result "1-0"]
[WhiteElo "1937"]
[BlackElo "1746"]
[PlyCount "41"]
[EventDate "2023.11.13"]
[EventType "swiss"]
[EventRounds "11"]
[EventCountry "ITA"]
[SourceTitle "CB48_2023"]
[SourceDate "2023.11.29"]
[SourceVersion "1"]
[SourceVersionDate "2023.11.29"]
[SourceQuality "1"]

1. d4 d5 2. Bf4 Nf6 3. Nf3 c5 4. e3 Nc6 5. Nbd2 Bf5 6. Be2 Qb6 7. dxc5 Qxb2 8. Rb1 Qc3 9. Rxb7 Qxc5 10. 0-0 a6 11. c4 dxc4 12. Nxc4 Ra7 13. Qb3 Nd5 14. Rxa7 Qxa7 15. Nd6+ exd6 16. Qxd5 Qd7 17. Rc1 Nd8 18. Bxa6 Be6 19. Qd3 Qa7 20. Bxd6 Be7 21. Rc7 1-0

[Event "World-chT Rapid"]
[Site "Dusseldorf"]
[Date "2023.08.28"]
[Round "11"]
[White "Giebel, Christine"]
[Black "Peglau, Dora"]
[Result "0-1"]
[WhiteElo "1830"]
[BlackElo "2052"]
[PlyCount "54"]
[EventDate "2023.08.26"]
[EventType "team-swiss (rapid)"]
[EventRounds "12"]
[EventCountry "GER"]
[SourceTitle "CBM 215 Extra"]
[Source "ChessBase"]
[SourceDate "2023.09.30"]
[SourceVersion "1"]
[SourceVersionDate "2023.09.30"]
[SourceQuality "1"]
[WhiteTeam "Magdeburg and Friends"]
[BlackTeam "Mitropa Chess Association"]
[WhiteTeamCountry "GER"]
[BlackTeamCountry "GER"]

1. e4 c5 2. c3 d5 3. e5 Nc6 4. Bb5 Bf5 5. Nf3 e6 6. 0-0 Qb6 7. Qa4 Nge7 8. d4 a6 9. Na3 Qa7 10. dxc5 axb5 11. Qxa7 Nxa7 12. Nd4 Rc8 13. Naxb5 Nxb5 14. Nxb5 Ng6 15. Nd6+ Bxd6 16. exd6 Rxc5 17. Be3 Rc6 18. b4 Rxd6 19. a4 Rc6 20. a5 0-0 21. Bc5 Rfc8 22. Rfd1 Nf4 23. Rd2 Nd3 24. Bd4 e5 25. b5 Rc4 26. Rxd3 Bxd3 27. Bxe5 Re4 0-1

[Event "World-chT Rapid"]
[Site "Dusseldorf"]
[Date "2023.08.27"]
[Round "5.8"]
[White "Peglau, Dora"]
[Black "Priyanka, Nutakki"]
[Result "0-1"]
[WhiteElo "2052"]
[BlackElo "2283"]
[PlyCount "50"]
[EventDate "2023.08.26"]
[EventType "team-swiss (rapid)"]
[EventRounds "12"]
[EventCountry "GER"]
[SourceTitle "CBM 215 Extra"]
[Source "ChessBase"]
[SourceDate "2023.09.30"]
[SourceVersion "1"]
[SourceVersionDate "2023.09.30"]
[SourceQuality "1"]
[WhiteTeam "Mitropa Chess Association"]
[BlackTeam "Six Pack"]
[WhiteTeamCountry "GER"]
[BlackTeamCountry "IND"]

1. d4 d5 2. c4 e6 3. Nc3 Nf6 4. Nf3 a6 5. cxd5 exd5 6. Bg5 Be6 7. e3 Nbd7 8. Be2 Bd6 9. 0-0 c6 10. Rb1 Qc7 11. Bh4 Ne4 12. Qc2 f5 13. b4 0-0 14. a4 Ndf6 15. Bg3 f4 16. Bxf4 Bxf4 17. exf4 Qxf4 18. b5 cxb5 19. Nxe4 dxe4 20. Qd2 Nd5 21. g3 Qxd2 22. Nxd2 Nc3 23. Rbe1 Bh3 24. axb5 axb5 25. Nb3 b6 0-1

[Event "World ol U16"]
[Site "Eindhoven"]
[Date "2023.08.13"]
[Round "1.13"]
[White "Ortiz Bogdanov, Pablo"]
[Black "Peglau, Dora"]
[Result "0-1"]
[WhiteElo "1501"]
[BlackElo "2052"]
[PlyCount "58"]
[EventDate "2023.08.13"]
[EventType "team-swiss"]
[EventRounds "9"]
[EventCountry "NED"]
[SourceTitle "CBM 215 Extra"]
[Source "ChessBase"]
[SourceDate "2023.09.30"]
[SourceVersion "1"]
[SourceVersionDate "2023.09.30"]
[SourceQuality "1"]
[WhiteTeam "Luxembourg"]
[BlackTeam "Germany"]
[WhiteTeamCountry "LUX"]
[BlackTeamCountry "GER"]

1. e4 c6 2. d4 d5 3. e5 c5 4. dxc5 Nc6 5. Nf3 e6 6. a3 Bxc5 7. b4 Bb6 8. Bd3 Nge7 9. 0-0 Bd7 10. Bb2 Rc8 11. Nbd2 Ng6 12. g3 0-0 13. h4 Qc7 14. Re1 f6 15. Bxg6 hxg6 16. Rc1 fxe5 17. Bxe5 Nxe5 18. Rxe5 Bxf2+ 19. Kg2 Rf5 20. Qe2 Rcf8 21. Rf1 Bb6 22. Nb3 a6 23. Rxf5 Rxf5 24. Nbd4 Bxd4 25. Nxd4 Rxf1 26. Kxf1 e5 27. Kg1 exd4 28. Qf3 Qe5 29. g4 Qe4 0-1

[Event "Teplice op"]
[Site "Teplice"]
[Date "2023.06.10"]
[Round "1"]
[White "Sokolovsky, Yahli"]
[Black "Peglau, Dora"]
[Result "1-0"]
[WhiteElo "2464"]
[BlackElo "2002"]
[PlyCount "59"]
[EventDate "2023.06.10"]
[EventType "swiss"]
[EventRounds "9"]
[EventCountry "CZE"]
[SourceTitle "CBM 214 Extra"]
[Source "ChessBase"]
[SourceDate "2023.07.31"]
[SourceVersion "1"]
[SourceVersionDate "2023.07.31"]
[SourceQuality "1"]

1. e4 c6 2. d4 d5 3. Nd2 dxe4 4. Nxe4 Nd7 5. Nf3 Ngf6 6. Ng3 e6 7. Bd3 Bd6 8. Qe2 0-0 9. Bg5 h6 10. Ne4 Bb4+ 11. Bd2 Bxd2+ 12. Qxd2 Qc7 13. Nxf6+ Nxf6 14. g4 Nd5 15. c4 Qf4 16. Ne5 Qxd2+ 17. Kxd2 Nf4 18. Ke3 Nxd3 19. Nxd3 f6 20. Rag1 g5 21. h4 Kg7 22. Rh3 gxh4 23. Rxh4 b6 24. f4 Bd7 25. g5 hxg5 26. fxg5 Rh8 27. gxf6+ Kxf6 28. Rf4+ Ke7 29. Rg7+ Kd6 30. c5+ 1-0

[Event "GER-ch U16 Girls"]
[Site "Willingen"]
[Date "2023.06.03"]
[Round "9"]
[White "Peglau, Dora"]
[Black "Braeutigam, Katerina"]
[Result "1/2-1/2"]
[WhiteElo "2002"]
[BlackElo "1956"]
[PlyCount "58"]
[EventDate "2023.05.27"]
[EventType "swiss"]
[EventRounds "9"]
[EventCountry "GER"]
[SourceTitle "CBM 214 Extra"]
[Source "ChessBase"]
[SourceDate "2023.07.31"]
[SourceVersion "1"]
[SourceVersionDate "2023.07.31"]
[SourceQuality "1"]

1. e4 e6 2. d4 d5 3. exd5 exd5 4. Bd3 Nc6 5. c3 Be6 6. Ne2 Qd7 7. Bf4 0-0-0 8. Nd2 Bd6 9. Qc2 Nf6 10. 0-0-0 Rhe8 11. Rhe1 Ng4 12. Rf1 Bxf4 13. Nxf4 Nxh2 14. Rh1 Ng4 15. Nb3 h6 16. Nc5 Qd6 17. g3 Kb8 18. Rhe1 Bc8 19. Re2 Nge5 20. Bf5 Nd7 21. Bxd7 Bxd7 22. Rxe8 Bxe8 23. Re1 b6 24. Ncd3 g5 25. Ng2 f5 26. Ne5 Nxe5 27. Rxe5 Bg6 28. Qe2 Qf8 29. Ne3 Re8 1/2-1/2

[Event "EU-ch Blitz"]
[Site "Katowice"]
[Date "2022.12.16"]
[Round "1"]
[White "Alexakis, Dimitris"]
[Black "Peglau, Dora"]
[Result "1-0"]
[WhiteElo "2486"]
[BlackElo "1869"]
[PlyCount "81"]
[EventDate "2022.12.16"]
[EventType "swiss (blitz)"]
[EventRounds "22"]
[EventCountry "POL"]
[SourceTitle "CBM 211 Extra"]
[Source "ChessBase"]
[SourceDate "2023.01.31"]
[SourceVersion "1"]
[SourceVersionDate "2023.01.31"]
[SourceQuality "1"]

1. e4 c6 2. Nc3 d5 3. Nf3 dxe4 4. Nxe4 Nd7 5. d4 Ngf6 6. Nxf6+ Nxf6 7. c3 Bg4 8. h3 Bh5 9. g4 Bg6 10. Bg2 e6 11. Bf4 Bd6 12. Ne5 Qc7 13. Qe2 0-0-0 14. h4 Nd5 15. Bg3 f6 16. Nxg6 hxg6 17. Qxe6+ Kb8 18. Bxd6 Rxd6 19. Qe4 f5 20. gxf5 gxf5 21. Qe5 Qd7 22. 0-0-0 Re8 23. Qg3 Ka8 24. Rhe1 Rde6 25. Re5 g6 26. Rde1 Nc7 27. f4 R8e7 28. Bf1 Ne8 29. Bc4 Rxe5 30. dxe5 Nc7 31. Rd1 Qe8 32. Rd6 Ne6 33. a4 Kb8 34. Qe3 a6 35. a5 Nf8 36. Qd4 Kc7 37. Qb6+ Kc8 38. Bxa6 bxa6 39. Rxc6+ Kd7 40. Rc7+ Kd8 41. Qb8# 1-0

[Event "Hradec Kralove op 11th"]
[Site "Hradec Kralove"]
[Date "2022.11.06"]
[Round "2"]
[White "Peglau, Dora"]
[Black "Valenta, Vit"]
[Result "0-1"]
[WhiteElo "1798"]
[BlackElo "1984"]
[PlyCount "114"]
[EventDate "2022.11.05"]
[EventType "swiss"]
[EventRounds "9"]
[EventCountry "CZE"]
[SourceTitle "CBM 211 Extra"]
[Source "ChessBase"]
[SourceDate "2023.01.31"]
[SourceVersion "1"]
[SourceVersionDate "2023.01.31"]
[SourceQuality "1"]

1. d4 Nf6 2. Nf3 g6 3. Nbd2 d5 4. b4 Bg7 5. e3 0-0 6. Bb2 c6 7. c4 a5 8. a3 Bf5 9. Be2 dxc4 10. Nxc4 axb4 11. axb4 Rxa1 12. Qxa1 Na6 13. Qa4 Nc7 14. Qb3 Be6 15. Qc2 Nfd5 16. Bc3 Nxc3 17. Qxc3 Nd5 18. Qb2 b5 19. Nce5 Qd6 20. Nd3 Ra8 21. Nc5 Nb6 22. Qb1 Ba2 23. Qc2 Bd5 24. 0-0 Ra2 25. Qd1 Na4 26. Bd3 Nb2 27. Qb1 Nxd3 28. Nxd3 Ra3 29. Nc5 Bxf3 30. gxf3 Qd5 31. Qe4 e6 32. Rc1 Bf8 33. Kg2 Bd6 34. Qxd5 cxd5 35. f4 Kg7 36. Rc2 h6 37. Kf3 Ra1 38. Nd3 Rb1 39. Rc6 Bxb4 40. Ne5 Ba5 41. Ra6 Bc7 42. Ra7 Bxe5 43. fxe5 g5 44. Rb7 b4 45. h3 b3 46. Kg2 b2 47. Kh2 Kg6 48. Kg2 h5 49. f3 h4 50. Rb8 Re1 51. Rxb2 Rxe3 52. Kf2 Rd3 53. Rb4 Rd2+ 54. Kg1 Kf5 55. Rb7 Rxd4 56. Rxf7+ Kxe5 57. Kf2 Rd2+ 0-1

[Event "EU-Cup (Women) 26th"]
[Site "Mayrhofen"]
[Date "2022.10.07"]
[Round "5.2"]
[White "Schloffer, Jasmin Denise"]
[Black "Peglau, Dora"]
[Result "1-0"]
[WhiteElo "2086"]
[BlackElo "1745"]
[PlyCount "97"]
[EventDate "2022.10.03"]
[EventType "team-swiss"]
[EventRounds "7"]
[EventCountry "AUT"]
[SourceTitle "CBM 210 Extra"]
[Source "ChessBase"]
[SourceDate "2022.11.30"]
[SourceVersion "1"]
[SourceVersionDate "2022.11.30"]
[SourceQuality "1"]
[WhiteTeam "Zell/Zillertal (W)"]
[BlackTeam "Seeblick (W)"]
[WhiteTeamCountry "AUT"]
[BlackTeamCountry "AUT"]

1. d4 Nf6 2. c4 e6 3. Nc3 Bb4 4. e3 c5 5. Nge2 0-0 6. a3 Bxc3+ 7. Nxc3 d6 8. Be2 Nbd7 9. 0-0 a6 10. b3 Qc7 11. Bb2 b6 12. d5 exd5 13. Nxd5 Nxd5 14. Qxd5 Bb7 15. Qg5 f6 16. Qg3 Ne5 17. f4 Nd7 18. Rad1 Rf7 19. Bg4 Kh8 20. Rd2 Nf8 21. Rfd1 Rd8 22. h4 Be4 23. f5 Rfd7 24. Qf4 Qc6 25. Bf3 Bxf3 26. Qxf3 Qxf3 27. gxf3 Kg8 28. e4 Kf7 29. Kf2 g6 30. fxg6+ hxg6 31. Ke3 Ke6 32. f4 Rh7 33. Rh1 Rdd7 34. f5+ gxf5 35. exf5+ Kf7 36. Kf4 Rh6 37. Bc1 Ke7 38. Kg4 Rh7 39. h5 Kd8 40. h6 Kc7 41. Rd3 Rd8 42. Bf4 Kc6 43. Rd5 Re7 44. Rhd1 Red7 45. Kh5 a5 46. a4 Kc7 47. Rg1 Re7 48. Rg7 Red7 49. Bxd6+ 1-0